[Event "Aegean op 28th"]
[Site "Aghios Kirykos"]
[Date "2005.07.13"]
[Round "2"]
[White "Pappas, Stergios"]
[Black "Klokas, Konstantinos"]
[Result "0-1"]
[WhiteElo "1929"]
[BlackElo "2258"]
[PlyCount "110"]
[EventDate "2005.07.12"]
[EventType "swiss"]
[EventRounds "9"]
[EventCountry "GRE"]
[SourceTitle "CBM 107 Extra"]
[Source "ChessBase"]
[SourceDate "2005.09.01"]
[SourceVersion "1"]
[SourceVersionDate "2005.09.01"]
[SourceQuality "1"]

1. d4 d5 2. c4 e6 3. Nc3 f5 4. Bf4 Nf6 5. Rc1 c6 6. e3 Be7 7. Nf3 0-0 8. Qb3 Ne4 9. Nxe4 fxe4 10. Ne5 g5 11. Bg3 h5 12. h4 gxh4 13. Bf4 Qa5+ 14. Kd1 Rd8 15. Be2 Nd7 16. Ng6 Bf6 17. cxd5 exd5 18. Nxh4 Nb6 19. Bxh5 Nc4 20. Rc2 b6 21. Be2 Ba6 22. Nf5 Bb5 23. Qc3 Qxc3 24. Rxc3 Nxb2+ 25. Kd2 Bxe2 26. Kxe2 c5 27. Rh6 Kf7 28. g4 Rh8 29. Rxf6+ Kxf6 30. Be5+ Kg5 31. Bxh8 Rxh8 32. dxc5 Rc8 33. c6 Nc4 34. Nd4 Kxg4 35. Rc1 Kg5 36. Rh1 Kg6 37. Rg1+ Kf6 38. Rh1 Ke5 39. Rh7 a5 40. Rd7 b5 41. c7 b4 42. Nb5 Nb6 43. Re7+ Kf6 44. Rh7 Na8 45. Nd6 Kg6 46. Rh1 Rxc7 47. Rg1+ Kh5 48. Rg8 Nb6 49. Nb5 Rc2+ 50. Kf1 Rxa2 51. Nd4 Nc4 52. Rd8 Nd2+ 53. Kg2 b3 54. Rxd5+ Kg6 55. Rd6+ Kf7 0-1